00817cam a2200241 i 450000500170000000800410001702000180005804200080007608200190008410000210010324500700012426000670019426400880026130000090034933600260035833700280038433800270041265000130043965000280045265000450048065000250052565000250055020250715133327.0200605s2020 mau b 001 0 eng  a9780674299412 apcc00a343.09 PAS;1 R1 aPasquale, Frank,10aNew laws of robotics : defending human expertise in the age of AI aCambridgebThe Belknap Press of Harvard University Pressc2020 1aCambridge, Massachusetts :bThe Belknap Press of Harvard University Press,c[2020] a330  atextbtxt2rdacontent aunmediatedbn2rdamedia avolumebnc2rdacarrier 0aRobotics 0aArtificial intelligence 0aVirtual humans (Artificial intelligence) 0xLaw and legislation. 0xLaw and legislation.